[Event "Madrid-ch Previa-A"]
[Site "Madrid"]
[Date "2020.02.11"]
[Round "5"]
[White "Pinel Mirasierra, Jose Pablo"]
[Black "Moreno Uribarri, Miguel"]
[Result "0-1"]
[WhiteElo "1966"]
[BlackElo "1802"]
[PlyCount "108"]
[EventDate "2020.02.03"]
[EventType "swiss"]
[EventRounds "9"]
[EventCountry "ESP"]
[SourceTitle "EXT 2021"]
[Source "ChessBase"]
[SourceDate "2020.10.23"]
[SourceVersion "1"]
[SourceVersionDate "2020.10.23"]
[SourceQuality "1"]

1. d4 Nf6 2. c4 g6 3. g3 Bg7 4. Bg2 0-0 5. Nc3 d6 6. Nf3 Nbd7 7. 0-0 e5 8. e4 c6 9. h3 Qb6 10. dxe5 dxe5 11. Qc2 Qc7 12. Be3 Re8 13. Rad1 Nf8 14. Bc5 N6d7 15. Bd6 Qb6 16. b4 a5 17. b5 Ne6 18. Na4 Qa7 19. Rfe1 Nd4 20. Nxd4 exd4 21. b6 Qa6 22. c5 Qb5 23. Bf1 Qb4 24. Kg2 Ne5 25. Bxe5 Bxe5 26. Rb1 Qa3 27. Bc4 Be6 28. Qb3 Qxb3 29. Bxb3 Rad8 30. Bxe6 Rxe6 31. f4 Bg7 32. Kf3 Re7 33. Nb2 d3 34. e5 f6 35. Nc4 d2 36. Red1 fxe5 37. fxe5 Bxe5 38. Rxd2 Rxd2 39. Nxd2 Bd4 40. Nc4 Bxc5 41. Nxa5 Bd6 42. a4 Kf7 43. Rd1 Bc5 44. Nc4 Ke8 45. Nd6+ Bxd6 46. Rxd6 Rd7 47. Re6+ Re7 48. Rxe7+ Kxe7 49. Ke4 Kd6 50. Kd4 c5+ 51. Kc4 Kc6 52. a5 g5 53. g4 h6 54. Kc3 Kb5 0-1

[Event "Madrid-ch Previa-A"]
[Site "Madrid"]
[Date "2020.02.10"]
[Round "4"]
[White "Hernandez Gutierrez, Jose"]
[Black "Pinel Mirasierra, Jose Pablo"]
[Result "0-1"]
[WhiteElo "1784"]
[BlackElo "1966"]
[PlyCount "104"]
[EventDate "2020.02.03"]
[EventType "swiss"]
[EventRounds "9"]
[EventCountry "ESP"]
[SourceTitle "EXT 2021"]
[Source "ChessBase"]
[SourceDate "2020.10.23"]
[SourceVersion "1"]
[SourceVersionDate "2020.10.23"]
[SourceQuality "1"]

1. d4 Nf6 2. c4 b6 3. Nc3 Bb7 4. f3 d5 5. cxd5 Nxd5 6. e4 Nf6 7. Be3 e6 8. Bd3 Nbd7 9. Rc1 Be7 10. Nge2 0-0 11. 0-0 c5 12. dxc5 Bxc5 13. Bxc5 Nxc5 14. Bb1 e5 15. b4 Ne6 16. Qxd8 Rfxd8 17. Rfd1 Rac8 18. Rxd8+ Rxd8 19. Rd1 Rxd1+ 20. Nxd1 Ba6 21. Kf2 Bxe2 22. Kxe2 Ne8 23. Ne3 Kf8 24. Bd3 Nd6 25. g3 Nd4+ 26. Kf2 f6 27. f4 Ke7 28. Nd5+ Kd7 29. Ke3 Nc8 30. g4 Ne7 31. Nxe7 Kxe7 32. h4 Kd6 33. a3 a5 34. bxa5 bxa5 35. g5 Kc5 36. h5 Nb5 37. h6 exf4+ 38. Kxf4 fxg5+ 39. Kxg5 gxh6+ 40. Kxh6 Nxa3 41. e5 Kd5 42. e6 Kxe6 43. Bxh7 a4 44. Kg5 Ke5 45. Bg6 Nc4 46. Bc2 a3 47. Bb3 Kd4 48. Kf4 Kc3 49. Ba2 Na5 50. Ke3 Kb2 51. Kd3 Kxa2 52. Kc2 Nb3 0-1

[Event "Mostoles op 8th"]
[Site "Mostoles"]
[Date "2015.07.17"]
[Round "2"]
[White "Pinel Mirasierra, Jose Pablo"]
[Black "Del Valle Cirera, Adria"]
[Result "1/2-1/2"]
[WhiteElo "1970"]
[BlackElo "2137"]
[PlyCount "36"]
[EventDate "2015.07.16"]
[EventType "swiss"]
[EventRounds "9"]
[EventCountry "ESP"]
[SourceTitle "EXT 2016"]
[Source "ChessBase"]
[SourceDate "2015.10.08"]
[SourceVersion "1"]
[SourceVersionDate "2015.10.08"]
[SourceQuality "1"]

1. d4 Nf6 2. c4 e6 3. Nf3 d5 4. e3 c6 5. Nbd2 Nbd7 6. Bd3 Bd6 7. 0-0 e5 8. cxd5 cxd5 9. e4 0-0 10. Re1 Re8 11. exd5 exd4 12. Ne4 Bb4 13. Bd2 Bxd2 14. Qxd2 Nxd5 15. Nxd4 Ne5 16. Bb5 Rf8 17. Nc3 Nxc3 18. Qxc3 Qg5 1/2-1/2

[Event "Madrid-ch sf-A"]
[Site "Madrid"]
[Date "2015.03.17"]
[Round "5"]
[White "Fernandez Aransay, Fernando"]
[Black "Pinel Mirasierra, Jose Pablo"]
[Result "1-0"]
[WhiteElo "1896"]
[BlackElo "2021"]
[PlyCount "87"]
[EventDate "2015.03.09"]
[EventType "swiss"]
[EventRounds "9"]
[EventCountry "ESP"]
[SourceTitle "CBM 165 Extra"]
[Source "ChessBase"]
[SourceDate "2015.04.21"]
[SourceVersion "1"]
[SourceVersionDate "2015.04.21"]
[SourceQuality "1"]

1. e4 d6 2. d4 Nf6 3. Nc3 g6 4. f3 Bg7 5. Be3 c6 6. Qd2 Nbd7 7. 0-0-0 Qa5 8. Kb1 b5 9. g4 b4 10. Nce2 0-0 11. h4 c5 12. Nc1 cxd4 13. Bxd4 Nc5 14. h5 Be6 15. hxg6 fxg6 16. Qh2 Rf7 17. Nh3 Ncd7 18. Nf4 Nf8 19. Nxe6 Nxe6 20. Bc4 d5 21. Bxd5 Nxd4 22. Bxf7+ Kxf7 23. Rxd4 Qb6 24. Rd3 a5 25. Qf4 Kg8 26. Rhd1 Rf8 27. Qd2 h6 28. Rd8 Ne8 29. Qd5+ Kh7 30. e5 Nc7 31. Qc4 Rxd8 32. Rxd8 Ne6 33. Rd7 Bf8 34. f4 Kg7 35. f5 Nc5 36. f6+ Kh8 37. Rd1 exf6 38. Qf7 Bg7 39. Qxg6 a4 40. Rd6 Qc7 41. exf6 Bf8 42. f7 Bg7 43. g5 Ne4 44. gxh6 1-0

[Event "Madrid-ch sf-A"]
[Site "Madrid"]
[Date "2015.03.11"]
[Round "3"]
[White "Lopez Heras, Arturo"]
[Black "Pinel Mirasierra, Jose Pablo"]
[Result "0-1"]
[WhiteElo "1873"]
[BlackElo "2021"]
[PlyCount "78"]
[EventDate "2015.03.09"]
[EventType "swiss"]
[EventRounds "9"]
[EventCountry "ESP"]
[SourceTitle "CBM 165 Extra"]
[Source "ChessBase"]
[SourceDate "2015.04.21"]
[SourceVersion "1"]
[SourceVersionDate "2015.04.21"]
[SourceQuality "1"]

1. d4 d5 2. c4 e6 3. e3 Nf6 4. Nc3 a6 5. cxd5 exd5 6. Bd3 Bd6 7. Nf3 Nbd7 8. 0-0 0-0 9. h3 c5 10. Bd2 Re8 11. Rc1 cxd4 12. Nxd4 Nc5 13. Bb1 Bd7 14. Nf5 Bf8 15. Qf3 Nce4 16. Nxe4 dxe4 17. Nh6+ gxh6 18. Qg3+ Bg7 19. Bc3 Nh5 20. Qh2 Qb8 21. Qh1 Bxc3 22. Rxc3 Qe5 23. Rd1 Bc6 24. Rdc1 Rad8 25. Qh2 Rd2 26. Qxe5 Rxe5 27. b4 Nf6 28. a3 Red5 29. R3c2 Rxc2 30. Bxc2 Rd2 31. Bb3 Nd7 32. a4 Ne5 33. b5 axb5 34. axb5 Bd7 35. Rc5 Rb2 36. Ba4 Nd3 37. Rd5 Be6 38. Rd8+ Kg7 39. Rb8 Ra2 0-1

[Event "Madrid-ch sf-A"]
[Site "Madrid"]
[Date "2015.03.09"]
[Round "1"]
[White "Corral Aragon, Juan Maria"]
[Black "Pinel Mirasierra, Jose Pablo"]
[Result "1-0"]
[WhiteElo "1830"]
[BlackElo "2021"]
[PlyCount "104"]
[EventDate "2015.03.09"]
[EventType "swiss"]
[EventRounds "9"]
[EventCountry "ESP"]
[SourceTitle "CBM 165 Extra"]
[Source "ChessBase"]
[SourceDate "2015.04.21"]
[SourceVersion "1"]
[SourceVersionDate "2015.04.21"]
[SourceQuality "1"]

1. e4 d6 2. d4 Nf6 3. Nc3 g6 4. Bg5 Bg7 5. Qd2 c6 6. Bh6 Bxh6 7. Qxh6 Qa5 8. f3 Na6 9. 0-0-0 Be6 10. d5 Bd7 11. Bc4 Rg8 12. e5 dxe5 13. d6 Qc5 14. Bxa6 bxa6 15. dxe7 Qxe7 16. Nh3 0-0-0 17. Ng5 Rge8 18. h4 Be6 19. Nxe6 Qxe6 20. Qe3 Kb8 21. Na4 Nd7 22. Kb1 Qc4 23. b3 Qf4 24. Qc3 Kb7 25. Rxd7+ Rxd7 26. Nc5+ Kc8 27. Nxd7 Kxd7 28. Rd1+ Ke7 29. Qc5+ Kf6 30. Qxc6+ Re6 31. Qe4 Qg3 32. Qg4 Qf2 33. Qg5+ Kg7 34. h5 h6 35. Qd2 Qg3 36. hxg6 Rxg6 37. c4 Qxg2 38. Qxg2 Rxg2 39. c5 Rg6 40. b4 Rc6 41. Kc2 Kf6 42. Kd3 Ke6 43. Kc4 Kf5 44. Rd7 f6 45. Kd5 Rc8 46. c6 Kf4 47. Rxa7 f5 48. Rf7 Rd8+ 49. Ke6 Re8+ 50. Kd7 Rb8 51. c7 Rb7 52. Kc6 Rxc7+ 1-0

[Event "Madrid Chamartin op 3rd"]
[Site "Madrid"]
[Date "2014.09.11"]
[Round "7"]
[White "Alvarez Escudero, Manuel"]
[Black "Pinel Mirasierra, Jose Pablo"]
[Result "0-1"]
[WhiteElo "1750"]
[BlackElo "1963"]
[PlyCount "74"]
[EventDate "2014.09.07"]
[EventType "swiss"]
[EventRounds "9"]
[EventCountry "ESP"]
[SourceTitle "CBM 162 Extra"]
[Source "ChessBase"]
[SourceDate "2014.10.17"]
[SourceVersion "1"]
[SourceVersionDate "2014.10.17"]
[SourceQuality "1"]

1. e4 c6 2. d4 d5 3. exd5 cxd5 4. Nf3 g6 5. Be3 Bg7 6. c3 Nf6 7. Bb5+ Bd7 8. Bxd7+ Nbxd7 9. 0-0 0-0 10. h3 Ne4 11. Nbd2 Nxd2 12. Qxd2 Nf6 13. Bh6 e6 14. Bxg7 Kxg7 15. Rfe1 Qd6 16. Ne5 Rac8 17. f3 Nd7 18. Ng4 Rfe8 19. Qh6+ Kg8 20. Re2 b5 21. a3 a5 22. Rae1 b4 23. axb4 axb4 24. Qd2 bxc3 25. bxc3 Rc7 26. Ne5 Nxe5 27. Rxe5 Rec8 28. R5e3 Rc4 29. Rb1 Qa3 30. Rb7 Rxc3 31. Rxc3 Qxc3 32. Qf2 Rc4 33. Qa2 Qxd4+ 34. Kh2 Qf4+ 35. g3 Qxf3 36. Rb8+ Kg7 37. Qb2+ Qc3 0-1

[Event "Madrid Chamartin op 3rd"]
[Site "Madrid"]
[Date "2014.09.10"]
[Round "5"]
[White "Fernandez Lledo, Javier"]
[Black "Pinel Mirasierra, Jose Pablo"]
[Result "1-0"]
[WhiteElo "2251"]
[BlackElo "1963"]
[PlyCount "105"]
[EventDate "2014.09.07"]
[EventType "swiss"]
[EventRounds "9"]
[EventCountry "ESP"]
[SourceTitle "CBM 162 Extra"]
[Source "ChessBase"]
[SourceDate "2014.10.17"]
[SourceVersion "1"]
[SourceVersionDate "2014.10.17"]
[SourceQuality "1"]

1. e4 c6 2. d4 d5 3. e5 g6 4. Bd3 Bg7 5. f4 h5 6. Nf3 Nh6 7. 0-0 Bf5 8. Bxf5 Nxf5 9. e6 f6 10. b3 Na6 11. Re1 Qb6 12. Nc3 0-0-0 13. Na4 Qc7 14. g3 Qd6 15. Bd2 Kb8 16. a3 Ka8 17. Qe2 c5 18. dxc5 Nxc5 19. Bb4 b6 20. Qb5 Qc7 21. Bxc5 bxc5 22. Qxc5 Qxc5+ 23. Nxc5 d4 24. Rad1 Ne3 25. Rd2 f5 26. Nh4 d3 27. Rxd3 Rxd3 28. Nxd3 Nxc2 29. Rc1 Nd4 30. Rc7 Nxe6 31. Rxe7 Bd4+ 32. Kf1 Nc5 33. Nxg6 Rg8 34. Nxc5 Bxc5 35. Re5 Bxa3 36. Nh4 Rb8 37. Re3 Rb5 38. Ke2 Bb2 39. Kd1 Bf6 40. Nf3 Kb7 41. Kc2 Rb4 42. Re6 Bd8 43. Rh6 h4 44. Nxh4 Bxh4 45. Rxh4 Re4 46. Kd3 Rb4 47. Kc3 Re4 48. Rh5 Re2 49. Rxf5 Rxh2 50. Rd5 Kc6 51. Rd3 Rf2 52. Kd4 Kd6 53. Ke4+ 1-0

[Event "Madrid-ch sf-A"]
[Site "Madrid"]
[Date "2014.03.25"]
[Round "8"]
[White "Pinel Mirasierra, Jose Pablo"]
[Black "Tereso Martin, Antonio Luis"]
[Result "1/2-1/2"]
[WhiteElo "1951"]
[BlackElo "2029"]
[PlyCount "57"]
[EventDate "2014.03.10"]
[EventType "swiss"]
[EventRounds "9"]
[EventCountry "ESP"]
[SourceTitle "EXT 2015"]
[Source "ChessBase"]
[SourceDate "2014.11.20"]
[SourceVersion "1"]
[SourceVersionDate "2014.11.20"]
[SourceQuality "1"]

1. d4 Nf6 2. Nf3 d6 3. c4 Bg4 4. g3 Bxf3 5. exf3 c6 6. Bg2 d5 7. b3 e6 8. 0-0 g6 9. Bb2 Bg7 10. Nd2 0-0 11. f4 Na6 12. Nf3 Ne4 13. Ne5 f6 14. Nd3 Re8 15. Re1 Nd6 16. Rc1 dxc4 17. bxc4 Qa5 18. Qb3 Qb6 19. Qc3 Nf5 20. Re4 Rad8 21. Rce1 Nc7 22. Bh1 h5 23. a4 a5 24. Bf3 Qa7 25. h3 b5 26. c5 b4 27. Qc4 Kf7 28. R4e2 Nd5 29. Nc1 1/2-1/2

[Event "Madrid-ch sf-A"]
[Site "Madrid"]
[Date "2014.03.12"]
[Round "1"]
[White "Pinel Mirasierra, Jose Pablo"]
[Black "Martin Rodriguez, Emilio"]
[Result "1/2-1/2"]
[WhiteElo "1951"]
[BlackElo "2078"]
[PlyCount "87"]
[EventDate "2014.03.10"]
[EventType "swiss"]
[EventRounds "9"]
[EventCountry "ESP"]
[SourceTitle "EXT 2015"]
[Source "ChessBase"]
[SourceDate "2014.11.20"]
[SourceVersion "1"]
[SourceVersionDate "2014.11.20"]
[SourceQuality "1"]

1. d4 g6 2. g3 d5 3. Bg2 Bg7 4. Nf3 Nf6 5. c4 c6 6. 0-0 0-0 7. b3 a5 8. Nc3 Ne4 9. Bb2 Nxc3 10. Bxc3 e6 11. Qc2 Nd7 12. Rfd1 b6 13. Rac1 Bb7 14. e4 Rc8 15. Qb1 Re8 16. Bb2 Nf6 17. Nd2 Qe7 18. Re1 Qd8 19. exd5 cxd5 20. Qd3 dxc4 21. bxc4 Bxg2 22. Kxg2 Qd7 23. Qf3 Qd6 24. Red1 Qc6 25. Nf1 Qxf3+ 26. Kxf3 Red8 27. Ne3 Nd7 28. Rc2 Kf8 29. Ke2 Ke8 30. Ba3 e5 31. d5 Nc5 32. Bxc5 Rxc5 33. Rb1 Bh6 34. Rxb6 Bxe3 35. Kxe3 Rdxd5 36. Rd2 Rxd2 37. Kxd2 Ke7 38. Rb5 Kd6 39. Kc3 f5 40. h4 h6 41. Rb6+ Rc6 42. Rb5 Rc5 43. Rb6+ Rc6 44. Rb5 1/2-1/2

[Event "Madrid-ch sf-A"]
[Site "Madrid"]
[Date "2013.03.14"]
[Round "4"]
[White "Pinel Mirasierra, Jose Pablo"]
[Black "Rosa Ramirez, Victor Diego"]
[Result "1-0"]
[WhiteElo "1928"]
[BlackElo "1945"]
[PlyCount "107"]
[EventDate "2013.03.11"]
[EventType "swiss"]
[EventRounds "9"]
[EventCountry "ESP"]
[SourceTitle "CBM 153 Extra"]
[Source "ChessBase"]
[SourceDate "2013.04.22"]
[SourceVersion "1"]
[SourceVersionDate "2013.04.22"]
[SourceQuality "1"]

1. c4 Nf6 2. g3 c5 3. Bg2 Nc6 4. Nf3 g6 5. 0-0 Bg7 6. Nc3 0-0 7. d3 d6 8. Re1 Bd7 9. Bg5 a6 10. Qd2 Re8 11. Nd5 Nxd5 12. cxd5 Nd4 13. Nxd4 Bxd4 14. Rac1 Qb6 15. e3 Bg7 16. e4 Qxb2 17. Qxb2 Bxb2 18. Rb1 Bc3 19. Rec1 Bb4 20. d4 b5 21. Rb3 Rac8 22. a3 Ba5 23. dxc5 dxc5 24. e5 c4 25. Rb2 Kg7 26. d6 f6 27. Bf4 Rc5 28. exf6+ exf6 29. h4 c3 30. Rbb1 Re2 31. Bf3 Ra2 32. Re1 Bd8 33. Rb4 Bf5 34. g4 Bd3 35. Rd4 g5 36. hxg5 fxg5 37. Bc1 Bg6 38. Bd5 Rb2 39. d7 Kf8 40. f4 Rc7 41. Be6 Rb7 42. fxg5 Rb8 43. Rf4+ Kg7 44. Be3 Bxg5 45. Bd4+ Kh6 46. Rf3 Bc2 47. Bxc3 Rb1 48. Rh3+ Kg6 49. Bf5+ Kf7 50. Rxh7+ Kg8 51. Rxb1 Bxf5 52. Rg7+ Kf8 53. gxf5 Be3+ 54. Kg2 1-0

[Event "Madrid Oliver Gonzalez Memorial-B 3rd"]
[Site "Madrid"]
[Date "2012.09.06"]
[Round "6"]
[White "Morera Rodriguez, Ignacio"]
[Black "Pinel Mirasierra, Jose Pablo"]
[Result "1-0"]
[WhiteElo "1800"]
[BlackElo "1999"]
[PlyCount "85"]
[EventDate "2012.09.01"]
[EventType "swiss"]
[EventRounds "9"]
[EventCountry "ESP"]
[SourceTitle "CBM 150 Extra"]
[Source "ChessBase"]
[SourceDate "2012.10.19"]
[SourceVersion "1"]
[SourceVersionDate "2012.10.19"]
[SourceQuality "1"]

1. d4 d5 2. c4 e6 3. g3 Nf6 4. Bg2 c6 5. Nd2 Nbd7 6. Ngf3 Be7 7. b3 0-0 8. 0-0 b6 9. Bb2 Bb7 10. e3 Rc8 11. Ne5 Nxe5 12. dxe5 Nd7 13. cxd5 cxd5 14. e4 Nc5 15. exd5 Bxd5 16. Nf3 Qd7 17. Qe2 Qb7 18. Rfd1 Rfd8 19. Ne1 Ne4 20. Rd4 Nc3 21. Qe3 Bxg2 22. Rxd8+ Rxd8 23. Nxg2 Nd1 24. Qe2 Nxb2 25. Qxb2 Qe4 26. Re1 Qd3 27. Ne3 Qd2 28. Qc1 Bc5 29. Rd1 Qxc1 30. Rxc1 Rd2 31. a3 g5 32. Ng4 h5 33. Nf6+ Kg7 34. Ne4 Bxa3 35. Rc7 Re2 36. Nxg5 Rxe5 37. Rxf7+ Kg8 38. Rxa7 Rxg5 39. Rxa3 Kf7 40. b4 Rg4 41. Rb3 b5 42. f4 e5 43. h3 1-0

[Event "Madrid Oliver Gonzalez Memorial-B 3rd"]
[Site "Madrid"]
[Date "2012.09.01"]
[Round "1"]
[White "Barragan Panal, Juan Jose"]
[Black "Pinel Mirasierra, Jose Pablo"]
[Result "0-1"]
[WhiteElo "1649"]
[BlackElo "1999"]
[PlyCount "104"]
[EventDate "2012.09.01"]
[EventType "swiss"]
[EventRounds "9"]
[EventCountry "ESP"]
[SourceTitle "CBM 150 Extra"]
[Source "ChessBase"]
[SourceDate "2012.10.19"]
[SourceVersion "1"]
[SourceVersionDate "2012.10.19"]
[SourceQuality "1"]

1. Nf3 d5 2. c4 c6 3. b3 Nf6 4. Bb2 g6 5. g3 Bg7 6. Bg2 0-0 7. 0-0 Bg4 8. d3 Nbd7 9. Nbd2 Re8 10. Qc2 Rc8 11. e4 e5 12. b4 Qe7 13. Qb3 dxe4 14. Nxe4 Nxe4 15. dxe4 Be6 16. Qc3 f6 17. Ba3 f5 18. Nd2 Red8 19. c5 b6 20. Nc4 bxc5 21. bxc5 Bxc4 22. Qxc4+ Qf7 23. Qxf7+ Kxf7 24. Rad1 Bf8 25. Bh3 Kf6 26. g4 Bxc5 27. Bxc5 Nxc5 28. gxf5 Nxe4 29. fxg6 Rxd1 30. Rxd1 Rg8 31. Kf1 Rxg6 32. Rd7 Rg7 33. Rxg7 Kxg7 34. Bg2 Nc3 35. Bxc6 Nxa2 36. Ke1 Kf6 37. Kd2 Nb4 38. Be4 h5 39. Kc3 Na6 40. Kc4 Nc7 41. f3 Ne6 42. Kb5 Kg5 43. Kc6 Kf4 44. Kb7 Ng5 45. Bc6 a5 46. Kb6 Nxf3 47. Kxa5 Nxh2 48. Be8 h4 49. Kb4 e4 50. Kc3 Kf3 51. Bc6 Ng4 52. Kd2 h3 0-1